Zdokonalenie modelu veternej elektrárne s riadením na báze Arduino
Salvato in:
| Autore principale: | |
|---|---|
| Altri autori: | |
| Natura: | Manoscritto Libro |
| Lingua: | slovacco |
| Pubblicazione: |
Bratislava :
STU v Bratislave FEI,
2020
|
| Soggetti: | |
| Accesso online: | https://opac.crzp.sk/?fn=detailBiblioForm&sid=F5195A1FF5FC85745147ADDFA517&seo=CRZP-detail-kniha |
| Tags: |
Nessun Tag, puoi essere il primo ad aggiungerne!!
|
MARC
| LEADER | 00000ntm a22000003a 4500 | ||
|---|---|---|---|
| 001 | stuzp73948 | ||
| 003 | SK-STU | ||
| 005 | 20200714142412.7 | ||
| 007 | ta | ||
| 008 | 150427s2015----xo-----f-mn---000-0-slo-d | ||
| 040 | |a STU |b slo | ||
| 041 | 0 | |a slo | |
| 044 | |a xo | ||
| 100 | 1 | |a Miškovic, Pavel |u 030400 |4 aut |U FEI Fakulta elektrotechniky a informatiky |T FEI Ústav automobilovej mechatroniky |X 54180 |U E400 |Y 642 |7 54180 | |
| 242 | 0 | 1 | |a Improvement of the Arduino-based wind power plant model |y eng |
| 245 | 1 | 0 | |a Zdokonalenie modelu veternej elektrárne s riadením na báze Arduino |
| 260 | |a Bratislava : | ||
| 260 | |b STU v Bratislave FEI, | ||
| 260 | |c 2020 | ||
| 300 | |a 69 s. | ||
| 650 | 4 | |a Arduino |2 slo | |
| 650 | 4 | |a Matlab |2 slo | |
| 650 | 4 | |a Simulink |2 slo | |
| 650 | 4 | |a regulátor |2 slo | |
| 650 | 4 | |a pozorovateľ poruchy |2 slo | |
| 650 | 4 | |a Matlab |2 eng | |
| 650 | 4 | |a disturbance observer |2 eng | |
| 650 | 4 | |a Arduino |2 eng | |
| 650 | 4 | |a Simulink |2 eng | |
| 650 | 4 | |a control loop |2 eng | |
| 700 | 1 | |a Bisták, Pavol |u 030400 |k Z1 |4 ths |U FEI Fakulta elektrotechniky a informatiky |T FEI Ústav automobilovej mechatroniky |X 3708 |U E400 |Y 642 |7 A000003708 | |
| 856 | 4 | |u https://opac.crzp.sk/?fn=detailBiblioForm&sid=F5195A1FF5FC85745147ADDFA517&seo=CRZP-detail-kniha | |